000 00420nam a2200157Ia 4500
005 20250616001223.0
008 240331s9999 xx 000 0 und d
020 _a9559638505
082 _bBAL
_a322
100 _aBalasuriya,A.S
245 0 _aTharathawadaye abhiyoga
260 _aMaharagama
_bJanaka printers
_c1998
300 _a165 p .,
500 _aThe vision Strategies and its the way the pages look
942 _cL
999 _c2369
_d2369